000 00257nam a2200109Ia 4500
008 190216s9999||||xx |||||||||||||| ||und||
100 _aNair K K N
245 0 _aYugangalum Prasthanangalum
260 _bPk Brothers
650 _aEssay Malayalam
942 _cBK
999 _c24894
_d24894